000 00589cam a2200193 a 4500
001 000001520
005 20200929145616.0
008 740329s1968 sp 000 f spa d
040 _aDO-SdBNP
_bspa
_cBNPHU
082 _a863.6
_bB142a
100 1 _aBaeza Linares, Francisco.
_95009
245 1 0 _aAl otro lado de la mañana /
_cFrancisco Baeza Linares.
260 _aBarcelona :
_bDestino,
_c1968.
300 _a284 p. ;
_c19 cm.
490 1 _aÁncora y delfín ;
_v312
650 4 _aNovela española
_91123
650 4 _aLiteratura española
_9632
830 0 _aÁncora y Delfín ;
_v312
_95000
999 _c1424
_d1424